=LDR 00000nam 2200000 4500 =001 INLIS000000000041119 =005 20130612150653 =008 ***********************************ind** =035 ##$$a0010-061300000041119 =041 ##$$a ind =082 ##$$a 813 =090 ##$$a 813 , Azi ,s =100 ##$$a AZIZ, M.FURQONOL =245 ##$$a Sajadah , M.Furqonul Aziz =260 ##$$a 2011 $b Yogyakarta =300 ##$$a 250 hlm. , 21 cm =650 ##$$a FIKSI DEWASA =850 ##$$a NBPNMAT =990 ##$$a 21197168/BPAP-NTB/2014